000 00660nam a2200241Ia 4500
003 OSt
005 20221005062440.0
006 a|||||r|||| 00| 0
007 ta
008 221004b |||||||| |||| 00| 0 eng d
024 _a50885
037 _cTextual
040 _aCRL
_cCRL
_beng
041 _2eng
_aeng
082 _aP156, 111G5
100 _aDave Trimbaklal N.
_9601857
245 0 _aStudy of the Gujarati language in the 16th century
260 _aLondon
_bRoyal Asiatic Society UK
_c1935
300 _a197p.
_ccm.
650 _aLINGUISTICS
942 _hP156, 111G5
_cTEXL
_2cc
999 _c969715
_d969715